[Event "Top 12 FRA-chT 2017"]
[Site "Chartres"]
[Date "2017.05.24"]
[Round "7"]
[White "Rodshtein, Maxim"]
[Black "Brochet, Philippe"]
[Result "1-0"]
[WhiteElo "2698"]
[BlackElo "2409"]
[Annotator "TA"]
[PlyCount "81"]
[EventDate "2017.??.??"]
[EventType "team-tourn"]
[EventCountry "FRA"]
[SourceTitle "playchess.com"]
[Source "ChessBase"]
[SourceQuality "1"]
[WhiteTeam "Bischwiller"]
[BlackTeam "Montpellier"]

{[%evp 14,81,49,58,66,52,16,18,28,0,0,0,0,0,87,90,78,75,136,91,402,404,401,350,368,372,384,383,374,374,827,491,459,466,567,471,466,423,441,428,430,421,426,410,415,414,465,498,474,507,518,504,682,646,560,552,639,419,419,419,622,387,516,512,1944,1793,11309,10354,5724,5628]} 1. d4 d5 2. c4 dxc4 3. e4 e5 4. Nf3 exd4 5. Bxc4 Nc6 6. O-O Bc5 {D20: Queen's Gambit Accepted: 3 e3 and 3 e4} (6... Be6 7. Bxe6 fxe6 8. Qb3 Qd7 9. Qxb7 Rb8 10. Qa6 Nf6 11. Nbd2 Bb4 12. Qd3 Bxd2 13. Bxd2 Rxb2 14. Rac1 O-O 15. Rc5 Rfb8 16. Rfc1 R8b6 17. h3 h6 18. a4 Ne8 19. Bc3 R2b3 {1-0 (48) Wojtaszek,R (2746)-Socko,B (2604) Czech Republic 2016}) 7. Qb3 Qe7 8. Bg5 {[%mdl 1024] LiveBook: 3 Games. White has compensation.} f6 {White is slightly better.} 9. Bf4 Nh6 10. Rc1 $146 {Black must now prevent Bd5.} ({Predecessor:} 10. Nbd2 g5 11. Bg3 Bb6 12. Rfe1 Na5 13. Qd3 Nxc4 14. Nxc4 {1-0 (96) Erenberg,A (2248)-Tishova,S (1942) Kirishi 2015}) 10... Bb6 11. Nbd2 (11. e5 $5 fxe5 12. Bg5 $11) 11... Nf7 12. Bd5 {Hoping for Rxc6.} O-O $1 13. a4 {[%cal Ba2a4,Ba4a5][%mdl 32]} Na5 {[#]} (13... a5 $11) 14. Qa3 $1 $36 {[%cal Ra3e7][%mdl 2048] White is on the roll.} c5 {[#]} 15. Nxd4 $1 {[%cal Bf3d4,Bd4b3,Bb3c5][%mdl 544]} Bd7 ({Black should play} 15... Re8) (15... cxd4 16. Qxe7) 16. N4b3 {[%cal Rb3c5]} Nc6 $2 {[%mdl 8192]} (16... Be6 $16 {is more resistant.}) 17. a5 $18 Bd8 18. Nxc5 Bxa5 19. Nxd7 Bb4 20. Qh3 Rfd8 21. Nc4 (21. Be6 Nd4 $16) 21... Rac8 $2 (21... Rxd7 22. Nb6 Rad8) 22. Ndb6 ({Not} 22. Be6 Nd4 $16) 22... axb6 23. Nxb6 Rc7 24. Bxc7 Qxc7 25. Bxc6 bxc6 {[#]} 26. Nd5 $1 {[%mdl 512]} Qd6 (26... cxd5 27. Rxc7) 27. Nxb4 Qxb4 28. Qe6 Qxb2 29. Qxc6 Ne5 30. Qe6+ Kh8 31. Rab1 Qd4 32. Rc8 {Qe8+! would kill now.} h5 33. h3 Kh7 34. Qf5+ Kh6 35. Rxd8 Qxd8 {[%mdl 4096] Endgame KQR-KQN} 36. Rc1 h4 (36... Qd2 $142) 37. Qf4+ Kh5 38. Rc5 {White is clearly winning.} g5 (38... Qd7 $142 39. Kh2 Kg6) 39. Qf5 {[%cal Rf5h7]} Qe7 40. Rc8 {Intending Rh8+ and mate.} Ng6 41. Rc6 {Precision: White = 79%, Black = 39%.} 1-0

[Event "Top 12 FRA-chT 2017"]
[Site "Chartres"]
[Date "2017.05.24"]
[Round "7"]
[White "Ragger, Markus"]
[Black "Ouakhir, Pierre Mehdi"]
[Result "*"]
[WhiteElo "2680"]
[BlackElo "2277"]
[Annotator "TA"]
[PlyCount "20"]
[EventDate "2017.??.??"]
[EventType "team-tourn"]
[EventCountry "FRA"]
[SourceTitle "playchess.com"]
[Source "ChessBase"]
[SourceQuality "1"]
[WhiteTeam "Bischwiller"]
[BlackTeam "Montpellier"]

{[%evp 15,20,0,0,0,0,0,14]} 1. Nf3 d5 2. g3 Bg4 3. Bg2 c6 4. O-O Nd7 5. h3 Bxf3 (5... Bh5 6. d4 e6 7. c4 Be7 8. Nc3 dxc4 9. b3 cxb3 10. Qxb3 Ngf6 11. Qxb7 O-O 12. Bf4 Qa5 {½-½ (41) Eljanov,P (2751)-So,W (2822) Shamkir 2017}) 6. Bxf3 {A07: Réti Opening: New York and Capablanca Systems} Ngf6 7. d4 e5 8. c4 dxc4 {LiveBook: 3 Games. The position is equal.} 9. Nd2 exd4 10. Nxc4 b5 $146 ({Predecessor:} 10... Nc5 11. b4 Ne6 {½-½ (40) Kilgus,G (2429)-Froewis,G (2434) Vienna 2015}) *

[Event "Top 12 FRA-chT 2017"]
[Site "Chartres"]
[Date "2017.05.24"]
[Round "7"]
[White "Areshchenko, Alexander"]
[Black "Stevic, Hrvoje"]
[Result "1/2-1/2"]
[WhiteElo "2677"]
[BlackElo "2600"]
[Annotator "TA"]
[PlyCount "31"]
[EventDate "2017.??.??"]
[EventType "team-tourn"]
[EventCountry "FRA"]
[SourceTitle "playchess.com"]
[Source "ChessBase"]
[SourceQuality "1"]
[WhiteTeam "Grasse Echecs"]
[BlackTeam "Nice Alekhine"]

{[%evp 13,31,25,25,7,33,27,21,22,28,21,49,35,43,16,16,22,5,6,14,10]} 1. e4 e5 2. Nf3 Nc6 3. Bc4 Nf6 4. d3 Be7 5. O-O O-O 6. h3 d6 7. a3 {C55: Two Knights: 4 d3, 4 d4 exd4 5 e5 and Max Lange Attack} (7. a4 Be6 8. Bxe6 fxe6 9. a5 d5 10. Nbd2 a6 11. Qe2 Qe8 12. Nb3 Bd6 13. Bd2 Rd8 14. Rae1 h6 15. g3 {½-½ (30) Nisipeanu,L (2668)-Ivanisevic,I (2643) Bled 2016}) 7... Be6 {LiveBook: 6 Games} 8. Re1 Qd7 9. Bxe6 $146 {White is slightly better.} ({Predecessor:} 9. Nc3 Rae8 10. Bb5 a6 11. Bxc6 Qxc6 12. d4 exd4 13. Nxd4 Qc4 14. Re3 Bd7 {1-0 (41) Kayumov,S (2438)-Uralov,N (2185) Tashkent 2007}) 9... Qxe6 10. c4 h6 11. Nc3 Nh7 12. b4 (12. Nd5 $5 {[%cal Rd5c7]} Qd7 13. b4 $14) 12... Ng5 13. Nxg5 (13. Bxg5 $5 Bxg5 14. Rb1 $14 (14. Nxg5 hxg5 15. b5 Nd4 $11)) 13... Bxg5 {The position is equal.} 14. Bxg5 hxg5 15. Nd5 Rfc8 16. Rb1 1/2-1/2

[Event "Top 12 FRA-chT 2017"]
[Site "Chartres"]
[Date "2017.05.24"]
[Round "7"]
[White "Van Wely, Loek"]
[Black "Riff, Jean-Noel"]
[Result "1/2-1/2"]
[WhiteElo "2663"]
[BlackElo "2476"]
[Annotator "TA"]
[PlyCount "52"]
[EventDate "2017.??.??"]
[EventType "team-tourn"]
[EventCountry "FRA"]
[SourceTitle "playchess.com"]
[Source "ChessBase"]
[SourceQuality "1"]
[WhiteTeam "Clichy"]
[BlackTeam "Mulhouse Philidor"]

{[%evp 21,52,0,0,-16,201,0,0,-26,-18,-34,45,38,23,0,23,-53,-52,-62,-54,-191,0,0,0,0,272,-166,0,0,0,-98,0,0,0]} 1. d4 Nf6 2. c4 e6 3. Nf3 Bb4+ 4. Nbd2 O-O 5. a3 Be7 6. e4 d5 7. e5 Nfd7 8. Bd3 {E11: Bogo-Indian} c5 9. h4 (9. Qc2 h6 10. O-O Nc6 11. Nb3 cxd4 12. Re1 dxc4 13. Qxc4 Nb6 14. Qc2 f5 15. exf6 Rxf6 {½-½ (67) Vachier Lagrave,M (2758)-Tomashevsky,E (2758) Baku 2015}) 9... g6 10. h5 cxd4 11. hxg6 fxg6 {LiveBook: 5 Games} 12. cxd5 $146 (12. Qc2 $5 {[%cal Rd3g6]} Qe8 13. O-O $11) ({Predecessor:} 12. Qc2 Qe8 13. O-O Nc5 14. Nxd4 Nxd3 15. Qxd3 Nc6 16. cxd5 exd5 {1-0 (32) Jankovic,A (2553)-Roiz,M (2652) Plovdiv 2012}) 12... Nc5 $2 {[#]} (12... exd5 $11 {and Black stays safe.} 13. O-O Nc6) 13. Bb1 $2 (13. Bxg6 $1 $18 hxg6 14. d6 Bxd6 15. exd6) 13... exd5 $11 (13... Qxd5 $6 14. b4 $16) 14. b4 Ne6 15. Nb3 a5 (15... Nc6 $15) 16. b5 Nd7 17. Rxh7 (17. Nbxd4 {is interesting.} Nxd4 18. Qxd4 Nc5 19. Qe3 Rf7 20. Nd4) 17... Rxf3 (17... Kxh7 {seems wilder.} 18. Ng5+ Kg8 19. Nxe6 Qe8 20. Nxf8 Bxf8 21. f4 a4) 18. Rxe7 (18. Qxf3 $11 Nxe5 19. Qg3 Kxh7 20. Qxe5) 18... Nxe5 $15 19. Rxe6 $1 ({Avoid the trap} 19. Nxd4 $2 Rxf2 20. Kxf2 Qxe7 $19) 19... Bxe6 20. Nxd4 ({Only move:} 20. gxf3 $15 Qh4 21. Bxg6 (21. Ke2 $2 Nxf3 22. Qd3 Bf5 $19)) 20... Rxf2 $2 (20... Rf7 $19 21. Nxe6 Qh4) 21. Kxf2 $11 {[#] Threatens to win with Kg1.} Qh4+ $1 22. Kg1 {Qd2 is the strong threat.} Rf8 $2 {[%mdl 8192]} (22... Ng4 $1 $11 23. Nf3 (23. Bxg6 $2 Qh2+ 24. Kf1 Qh1+ 25. Ke2 Qxg2+ 26. Kd3 Nf2+ 27. Ke3 Nxd1+ $19) 23... Qf2+ 24. Kh1 Rf8) 23. Nxe6 $4 {[%mdl 8192]} (23. Ra2 $18 Bg4 24. Qd2) 23... Qf2+ (23... Ng4 $19 {[%csl Gg4][%cal Rh4h2]} 24. Nxf8 Qh2+ 25. Kf1 Qh1+ 26. Ke2 Qxg2+ 27. Kd3 Nf2+ 28. Kd2 Nxd1+ 29. Kxd1 Qg1+ 30. Kc2 Qc5+ 31. Kd2 Kxf8) 24. Kh1 $1 $17 Qh4+ $1 25. Kg1 Qf2+ (25... Nf3+ $17 26. gxf3 Qg3+ 27. Kh1 (27. Kf1 $2 Rxf3+ 28. Qxf3 Qxf3+ 29. Ke1 Qc3+ 30. Kd1 Qxa1 $17) 27... Qh3+ 28. Kg1 Rxf3 29. Qxf3 (29. Nf4 {leads to mate.} Rg3+ 30. Kf2 Qh2+ 31. Ng2 Rxg2+ 32. Ke3 Qe5+ 33. Kd3 Qe4+ 34. Kc3 Qc4#) 29... Qxf3) 26. Kh1 $1 $11 Qh4+ $1 {Precision: White = 12%, Black = 33%.} 1/2-1/2

[Event "Top 12 FRA-chT 2017"]
[Site "Chartres"]
[Date "2017.05.24"]
[Round "7"]
[White "Bachmann, Axel"]
[Black "Donchenko, Alexander"]
[Result "1-0"]
[WhiteElo "2646"]
[BlackElo "2563"]
[Annotator "TA"]
[PlyCount "65"]
[EventDate "2017.??.??"]
[EventType "team-tourn"]
[EventCountry "FRA"]
[SourceTitle "playchess.com"]
[Source "ChessBase"]
[SourceQuality "1"]
[WhiteTeam "Bois-Colombes"]
[BlackTeam "Vandoeuvre"]

{[%evp 16,65,-2,-9,0,-8,6,-47,-47,-69,-29,-47,-37,-63,-52,-39,-29,-31,-31,-45,-10,-47,34,9,64,38,152,147,139,119,122,129,146,141,240,206,217,102,629,629,622,616,604,592,743,732,797,789,29997,29998,29998,29999]} 1. Nf3 b6 2. e4 Bb7 3. Nc3 e6 4. d4 Bb4 5. Bd3 Nf6 6. Qe2 d5 7. e5 Ne4 8. Bd2 Bxc3 {B00: Queen's Fianchetto Defence, Nimzowitsch Defence} 9. bxc3 {LiveBook: 3 Games} c5 (9... h6 10. O-O O-O 11. Rad1 Qc8 12. c4 Nxd2 13. Nxd2 dxc4 14. Nxc4 Nc6 15. Qe4 g6 16. Qf4 {1-0 (30) Mareco,S (2606)-Liascovich,L (2504) Villa Martelli 2016}) 10. dxc5 $146 ({Predecessor:} 10. Qe3 O-O 11. Bc1 f5 12. exf6 gxf6 13. O-O Nd7 14. Nd2 f5 15. f3 cxd4 16. cxd4 {½-½ (27) Greninger,H (2237)-Bragg,D (2213) Seattle 2010}) 10... Nxc5 {The position is equal.} 11. h4 (11. O-O $11) 11... Nbd7 $15 12. Rh3 Qc7 13. Kf1 Ne4 14. Re1 Nxe5 15. Nxe5 Qxe5 16. Bb5+ Kf8 17. Bc1 Rc8 18. Bd3 f6 (18... Qf6 $15) 19. c4 Kf7 (19... Nc5 $1 $11) 20. Kg1 Qd6 (20... Nc3 $14 21. Qxe5 fxe5) 21. cxd5 $16 exd5 22. Re3 Rhe8 {[#]} 23. Ba3 $1 {[%cal Ra3d6][%mdl 512]} Qd7 (23... Qxa3 24. Bxe4) 24. c4 f5 (24... Ba6 $16) 25. cxd5 $18 Qxd5 26. f3 (26. Qh5+ $18 {and White stays clearly on top.} Kg8 27. f3) 26... Nc3 $2 {[%mdl 8192]} (26... Nf6 $16 27. Rxe8 Rxe8) 27. Re7+ Rxe7 28. Qxe7+ Kg8 29. Re5 Qd4+ 30. Kh1 {White wants to mate with Qe6+.} h6 31. Bxf5 {Threatening mate with Qe6+.} ({Worse is} 31. Qxb7 Qxh4+ 32. Kg1 Qd4+ 33. Kh1 Qh4+ 34. Kg1 Qd4+ 35. Kh1 Qh4+ $11) 31... Nd5 32. Qe6+ Kh8 {[#]} 33. Qe8+ $1 {[%mdl 512] Precision: White = 69%, Black = 24%.} 1-0

[Event "Top 12 FRA-chT 2017"]
[Site "Chartres"]
[Date "2017.05.24"]
[Round "7"]
[White "Gajewski, Grzegorz"]
[Black "Fressinet, Laurent"]
[Result "1-0"]
[WhiteElo "2634"]
[BlackElo "2668"]
[Annotator "TA"]
[PlyCount "81"]
[EventDate "2017.??.??"]
[EventType "team-tourn"]
[EventCountry "FRA"]
[SourceTitle "playchess.com"]
[Source "ChessBase"]
[SourceQuality "1"]
[WhiteTeam "Mulhouse Philidor"]
[BlackTeam "Clichy"]

{[%evp 25,81,21,21,18,21,29,28,31,21,24,31,18,24,23,31,24,43,40,68,54,60,53,68,63,90,70,70,74,115,106,114,101,154,139,132,154,154,151,325,331,270,135,586,583,553,528,731,684,872,1729,1612,1440,1349,1100,2397,2294,1946,1822]} 1. c4 c6 2. d4 d5 3. Nf3 Nf6 4. cxd5 cxd5 5. Nc3 Nc6 6. Bf4 Bf5 7. e3 e6 8. Qb3 Bb4 9. Ne5 {D14: Slav Defence: Exchange variation with ...Bf5} Qb6 10. Nxc6 bxc6 11. Be2 Ne4 12. f3 Nxc3 13. bxc3 Be7 {LiveBook: 16 Games} 14. c4 (14. O-O O-O 15. c4 c5 16. cxd5 Qxb3 17. axb3 exd5 18. dxc5 Bxc5 {½-½ (38) Aronian,L (2784)-Vachier Lagrave,M (2788) Stavanger 2016}) 14... Qxb3 15. axb3 Bb4+ 16. Kf2 a5 {[#]} 17. g4 $146 Bg6 18. Rhc1 Bd2 19. Rd1 Bb4 20. Ra2 Kd7 21. h4 {[%cal Bh2h4,Bh4h5][%mdl 32] [#] Threatens to win with h5.} h6 22. h5 $36 {[%mdl 2048] White has some pressure.} Bh7 23. c5 Ra7 24. Bd6 Rha8 25. Bd3 Bxd3 26. Rxd3 f6 27. e4 Ke8 28. exd5 cxd5 ({Black should try} 28... exd5 29. Re3+ Kf7) 29. Re2 $16 Kd7 30. Rde3 Re8 {[#]} 31. f4 $1 {[%cal Bf3f4,Bf4f5][%mdl 32]} Rb7 $2 (31... Ra6 $16 32. Ra2 Rxd6 33. cxd6 Kxd6) 32. f5 $18 e5 33. dxe5 fxe5 $2 {[%mdl 8192]} (33... d4 $16 34. Rd3 Bc3) 34. Rxe5 {White is clearly winning.} Rxe5 35. Rxe5 {[%mdl 4096] Endgame KRB-KRB} ({Not} 35. Bxe5 Bxc5+ 36. Ke1 Bf8 $11) 35... Kc6 36. Re7 Bc3 37. Rxb7 Kxb7 38. Be7 Kc6 39. Ke3 Kd7 40. Kd3 Be5 41. Bh4 {Precision: White = 87%, Black = 32%.} 1-0

[Event "Top 12 FRA-chT 2017"]
[Site "Chartres"]
[Date "2017.05.24"]
[Round "7"]
[White "Gharamian, Tigran"]
[Black "Kuzubov, Yuriy"]
[Result "1/2-1/2"]
[WhiteElo "2626"]
[BlackElo "2637"]
[Annotator "TA"]
[PlyCount "105"]
[EventDate "2017.??.??"]
[EventType "team-tourn"]
[EventCountry "FRA"]
[SourceTitle "playchess.com"]
[Source "ChessBase"]
[SourceQuality "1"]
[WhiteTeam "Nice Alekhine"]
[BlackTeam "Grasse Echecs"]

{[%evp 16,105,21,22,22,19,22,19,9,0,19,0,0,0,0,0,-5,-24,-16,-34,-28,-115,-41,-69,-75,-77,-70,-89,-45,-101,-46,-36,-27,-25,10,5,59,0,0,-22,-31,-42,-34,-54,-50,-45,27,20,22,29,13,14,54,66,216,225,214,24,20,0,0,0,0,0,0,0,0,0,0,0,0,0,0,0,227,208,0,0,0,0,10,0,0,0,0,0,0,0,0,0,0,0]} 1. e4 c5 2. Nf3 Nc6 3. Bb5 d6 4. O-O Bd7 5. Re1 Nf6 6. c3 a6 7. Bf1 Bg4 8. h3 Bxf3 9. Qxf3 e6 {B51: Sicilian: Moscow Variation (3 Bb5+) without 3...Bd7} 10. Na3 Be7 11. Nc2 O-O 12. d3 Rc8 $146 ({Predecessor:} 12... d5 13. e5 Nd7 14. Bf4 Bg5 15. Bh2 Qb6 16. Rab1 Bd2 17. Red1 {½-½ (43) Leko,P (2730)-Wang,H (2735) Beijing 2013}) 13. Bf4 d5 14. e5 Nd7 15. c4 d4 16. Qg4 Kh8 17. Bh2 Qc7 {[%cal Rd7e5]} 18. Qg3 (18. Qe4 $11 {keeps the balance.}) 18... b5 (18... Rcd8 $17 19. a3 Ndxe5) 19. Re4 Qb8 20. b3 Bd8 21. f4 $1 Bc7 22. Rae1 ({White should try} 22. Be2 $15) 22... Ne7 (22... f6 $17 {Strongly threatening ...fxe5.} 23. exf6 Nxf6 24. Rxe6 Nh5) 23. Qf3 $15 Ba5 24. Rd1 Bc3 25. g4 Nc6 ({Black should play} 25... Ba5 $11) 26. Bg2 (26. Re2 $14) 26... bxc4 $1 $11 27. dxc4 Nb4 28. Nxb4 cxb4 29. f5 Nc5 30. f6 {Black must now prevent fxg7+.} Rg8 (30... g6 $15) 31. fxg7+ Rxg7 32. Rexd4 Bxd4+ 33. Rxd4 Qa7 {aiming for ...Nxb3!} 34. Qf2 h5 ({Better is} 34... a5 $14) 35. Bg3 $1 $18 (35. gxh5 Rcg8 $15) 35... hxg4 {[#]} 36. hxg4 $2 (36. Bh4 $1 $18 {[%cal Rh4f6] Hoping for Bf6.} Rg6 37. Bf6+ (37. Rxg4 Kg8 $14) (37. hxg4 Kg8 $11) 37... Kg8 38. Qh4 (38. Rxg4 Rxg4 39. hxg4 Rc7 $14) 38... Rxf6 39. exf6) 36... Kg8 37. Bf3 a5 {[%cal Ba6a5,Ba5a4,Ba4b3][%mdl 32]} 38. Kg2 a4 $1 39. Qd2 {Threatens to win with Rd8+.} axb3 40. Rd8+ Rxd8 41. Qxd8+ Kh7 42. Qh4+ (42. axb3 $5 {[%cal Rg3f2]} Qd7 43. Qf8 $11) 42... Kg8 43. Qd8+ Kh7 44. axb3 {And now Bf2 would win.} Qa2+ $2 {[#]} (44... Qd7 $11 {and Black is okay.} 45. Qf8 Qd4) 45. Bf2 $1 Qxb3 $2 (45... Rg6 $18) 46. Qh4+ {The position is equal.} (46. Qd4 $5 {[%cal Rd4c5]} Nd7 47. Qxd7 Qxc4 48. Qd2 $14) 46... Kg8 47. Qd8+ Kh7 48. Bxc5 {Be4+ would kill now.} Qxc4 49. Qh4+ Kg8 50. Qd8+ Kh7 51. Qh4+ Kg8 52. Qd8+ Kh7 53. Qh4+ {Precision: White = 43%, Black = 59%.} (53. Bd4 $5 {[%cal Rf3e4]} Qd3 54. Qd6 $14) 1/2-1/2

[Event "Top 12 FRA-chT 2017"]
[Site "Chartres"]
[Date "2017.05.24"]
[Round "7"]
[White "Istratescu, Andrei"]
[Black "Tregubov, Pavel V"]
[Result "1/2-1/2"]
[WhiteElo "2596"]
[BlackElo "2584"]
[Annotator "TA"]
[PlyCount "134"]
[EventDate "2017.??.??"]
[EventType "team-tourn"]
[EventCountry "FRA"]
[SourceTitle "playchess.com"]
[Source "ChessBase"]
[SourceQuality "1"]
[WhiteTeam "Mulhouse Philidor"]
[BlackTeam "Clichy"]

{[%evp 29,134,0,0,0,0,0,0,0,9,15,17,0,0,-23,-9,0,0,0,0,0,7,3,89,89,104,91,102,99,146,168,164,154,138,65,70,46,63,73,55,46,159,81,74,87,112,51,204,218,206,216,210,206,185,114,114,115,108,121,370,367,352,319,328,320,324,197,268,162,1144,580,525,7,14,0,14,0,0,0,0,0,0,0,0,0,0,0,14,14,14,14,14,11,18,0,0,0,0,0,0,0,0,0,0,0,0,0,0]} 1. e4 c5 2. Nf3 Nc6 3. d4 cxd4 4. Nxd4 Nf6 5. Nc3 e5 6. Ndb5 d6 7. Bg5 a6 8. Na3 b5 9. Nd5 Be7 10. Bxf6 Bxf6 11. c4 b4 {B33: Sicilian: Pelikan and Sveshnikov Variations} 12. Nc2 O-O 13. h4 a5 14. g3 Be6 15. Bh3 a4 {LiveBook: 24 Games} 16. Kf1 b3 17. Nce3 Nd4 18. Kg2 {[#]} Qb8 $146 ({Predecessor:} 18... Rb8 19. axb3 Rxb3 20. Rxa4 Rxb2 21. Qa1 Qb8 22. Ra2 Rxa2 23. Qxa2 Bd8 24. h5 Qb7 25. Qa3 Qc6 26. Qa7 Bxd5 {½-½ (26) Krivic,D (2566)-Pirs,M (2550) ICCF email 2012}) 19. axb3 Qxb3 20. Qxb3 Nxb3 21. Nc7 (21. Ra2 {seems wilder.} Nc5 22. Bg4 Rfb8 23. Rha1 Bxg4 24. Nxg4 Rb3 25. Nc3) 21... Bxh3+ 22. Kxh3 Nxa1 23. Nxa8 Nb3 24. Nb6 Nc5 {aiming for ...Rb8.} 25. Ra1 Nxe4 (25... Rb8 $1 $11 {remains equal.} 26. Ned5 Bd8 27. Nxa4 Nxe4) 26. Rxa4 $16 Nxf2+ 27. Kg2 Nd3 28. b4 $1 e4 29. Nd7 Rd8 30. Nxf6+ gxf6 $18 {[%mdl 4096] Endgame KRN-KRN} 31. b5 (31. h5 $1 $16) 31... Kg7 $14 32. Ra7 f5 33. Nxf5+ Kf6 34. Ne7 Nc5 (34... h5 $14) 35. Nd5+ (35. g4 $142 $1) 35... Ke5 $16 {and if ...Kd4 works, Black does fine.} 36. Nb4 $1 {[%cal Rb4c6]} Ke6 37. Nc6 (37. h5 $16) 37... Rc8 $2 ({Black should play} 37... Rd7 $1 $14) 38. g4 $1 $18 h6 39. Kg3 Kf6 40. Kf4 Re8 41. g5+ (41. Ra3 $1 $18) 41... hxg5+ $16 42. hxg5+ Kg7 {[#]} 43. Ne7 $1 {Black must now prevent Ke3.} Rh8 $2 (43... Kf8 $16 44. Nf5 e3 45. Nxe3 Nd3+ 46. Kf3 Ne1+ 47. Kf4 Nd3+ 48. Kf3 Ne1+ 49. Kf2 Nd3+ 50. Kf3) 44. Nf5+ $18 Kg6 45. Nxd6 Rh3 46. Nxe4 Rh4+ 47. Ke5 Nxe4 {KRN-KR} 48. b6 f6+ $2 (48... Nd2 49. b7 Nxc4+ 50. Kd5 Ne3+ 51. Kc5 Rc4+ 52. Kb5 Rc1) 49. Kd5 fxg5 {[#]} 50. Kc6 $2 ({White has to play} 50. b7 $1 $18 {[%cal Rb7b8]} Nf6+ 51. Kd6 Rd4+ 52. Kc5) 50... Nf6 {The position is equal.} 51. Ra4 Rh7 52. b7 (52. c5 $5 {[%cal Ra4a7]} Kf5 53. Ra7 $16) 52... Nd7 $1 53. c5 Nb8+ 54. Kb6 Nd7+ 55. Ka5 Nb8 56. Kb6 {Threatens to win with Ra8.} Nd7+ 57. Kb5 Nxc5 (57... Nb8 $5 {[%cal Rh7b7]} 58. c6 Kf5 $16) 58. b8=Q Rb7+ 59. Qxb7 $1 Nxb7 $11 {KR-KN} 60. Rd4 Kf5 61. Rd7 g4 {[%cal Bg5g4,Bg4g3][%mdl 32]} 62. Rxb7 {KR-KP} (62. Kc4 $5 {[%cal Rd7b7]} Ke4 63. Rg7 $11 (63. Rxb7 g3 $11)) 62... g3 63. Kc4 {White threatens Kd3 and mate.} Ke4 64. Kc3 g2 65. Rg7 Kf3 66. Kd2 {Ke1 is the strong threat.} Kf2 67. Rxg2+ Kxg2 {Precision: White = 49%, Black = 51%.} 1/2-1/2

[Event "Top 12 FRA-chT 2017"]
[Site "Chartres"]
[Date "2017.05.24"]
[Round "7"]
[White "Van Foreest, Jorden"]
[Black "Ider, Borya"]
[Result "1-0"]
[WhiteElo "2595"]
[BlackElo "2456"]
[Annotator "TA"]
[PlyCount "184"]
[EventDate "2017.??.??"]
[EventType "team-tourn"]
[EventCountry "FRA"]
[SourceTitle "playchess.com"]
[Source "ChessBase"]
[SourceQuality "1"]
[WhiteTeam "Clichy"]
[BlackTeam "Mulhouse Philidor"]

{[%evp 28,184,22,20,17,23,34,25,18,14,48,30,34,24,34,23,79,73,65,63,70,71,69,75,74,37,93,101,318,306,833,148,145,149,149,148,147,139,143,139,139,131,139,139,179,197,195,194,172,189,1061,999,1056,867,1062,1039,1030,1006,1006,1006,1025,1035,1028,1020,1020,1020,1013,1020,1020,1013,1013,1006,1006,1006,1006,1006,1006,0,1006,0,1006,999,997,991,971,892,921,753,856,826,1763,1756,1763,1763,1763,1763,1763,1763,1742,790,1214,511,847,1096,1200,0,0,0,863,762,847,918,897,772,941,390,558,122,113,99,1468,1372,1229,1070,810,740,691,602,1722,1548,613,613,572,114,29967,29968,29968,29969,29975,29972,29976,29970,29973,29974,29971,0,29968,29969,29974,29975,29975,29976,29978,29976,29977,29978,29978,29979,29991]} 1. e4 e6 2. d4 d5 3. Nc3 Bb4 4. e5 c5 5. a3 Bxc3+ 6. bxc3 Ne7 7. Qg4 O-O 8. Bd3 f5 9. exf6 Rxf6 10. Bg5 Rf7 11. Qh5 g6 12. Qd1 Qa5 {C18: French: 3 Nc3 Bb4: Main line: 7 h4 and 7 Qg4} 13. Nf3 (13. Bd2 Nbc6 14. Nf3 Qc7 15. O-O e5 16. dxe5 Nxe5 17. Be2 Bd7 18. Re1 Nxf3+ 19. Bxf3 Bc6 20. Bg5 {1-0 (61) Eljanov,P (2741)-Naiditsch,A (2684) Douglas 2016}) 13... Rxf3 14. gxf3 Qxc3+ 15. Kf1 $1 {LiveBook: 3 Games} c4 $1 {[%cal Rc4d3]} 16. Bxe7 cxd3 17. cxd3 Qxd4 18. h4 {[%cal Bh2h4,Bh4h5][%mdl 32]} e5 $146 ({Predecessor:} 18... Nc6 19. Bg5 Ne5 20. Rc1 {1-0 (47) Ciani,D-Staak,E (1706) ICCF email 2013}) 19. h5 Bf5 $1 20. Kg2 $36 {[%mdl 2048] White has some pressure.} Nc6 21. Bg5 Qxd3 (21... Rf8 $11) 22. Qxd3 $16 Bxd3 23. Rad1 Bc4 24. hxg6 hxg6 25. Rh6 Kf7 26. f4 {fxe5 is the strong threat.} Rg8 (26... e4 $1 $14) 27. fxe5 Nxe5 $2 (27... d4 $16 {was necessary.} 28. f4 b6) 28. Re1 $18 Nc6 $2 (28... Re8 29. Rh7+ Kg8) 29. Rh3 $2 (29. Rh7+ $18 Rg7 30. Rh3) 29... Rf8 $16 30. Rh7+ Kg8 31. Rxb7 Rf7 32. Re8+ Kg7 33. Be7 d4 34. Rd7 d3 35. Bf8+ Kh7 36. Rxf7+ Bxf7 $18 {[%mdl 4096] Endgame KRB-KBN} 37. Re3 $1 Bc4 38. Bb4 $1 Nxb4 $2 (38... Kg8) 39. axb4 {KR-KB} Kh6 40. Re7 a6 41. Kf3 Kg5 42. Ke3 Kf5 43. Rc7 Bb5 44. Rc5+ Ke6 45. Rg5 Kf6 46. Kf4 Bc4 47. Rg1 Bb5 48. Rd1 Bc4 49. Re1 Bb3 50. Ke3 Bc4 51. Rc1 Bb5 52. Rc5 Ke6 53. Rc7 $2 (53. Rc8 $18 {Threatens to win with Rc5.} g5 54. Rd8) 53... Kf6 $2 {[%mdl 8192]} (53... Kf5 $11 54. Rh7 g5) 54. Rc8 Ke6 55. Rd8 Ke5 56. Rd4 Kf5 57. Re4 Kf6 58. Kf4 g5+ 59. Ke3 Kf5 60. Re7 Kf6 61. Rc7 Ke6 62. Rc5 Kf6 63. Rd5 (63. Kd2 $142 g4 64. Ke3) 63... Bc4 64. Rd4 Bb5 65. Ke4 Ke6 66. Rd8 $2 (66. f3 $18 {aiming for f4.} Bc6+ 67. Ke3) 66... Ke7 $1 $11 {[%cal Re7d8]} 67. Rd4 $2 {[%mdl 8192]} (67. Rxd3 $11 Bxd3+ 68. Kxd3) 67... Ke6 $18 68. f3 Bc6+ 69. Ke3 Bb5 70. Rg4 Kf6 71. Rg1 Kf5 72. Rg2 $2 (72. Rc1 $1 $18 {[%cal Rc1c5]} Ke6 73. Rc5) 72... Kf6 73. Ke4 Bc4 $2 {[%mdl 8192]} (73... g4 $16) 74. Rh2 Kg6 75. Ke5 Bb5 76. Rd2 Kh5 77. Rg2 Bc6 78. Kf5 {[%cal Rg2h2]} Kh4 79. Rg4+ Kh3 80. Kxg5 $2 (80. Rd4 $18 {and the rest is easy.}) 80... Bxf3 $2 {[%mdl 8192]} (80... Bb5 $16 81. Kf6 Ba4) 81. Rd4 Be2 {[#]} 82. Kf4 $1 {[%cal Rf4e3]} Kh4 83. Rd5 Bf1 84. Ke3 Kg4 85. Kf2 Be2 86. Ke3 Bf1 $1 87. Rd6 {White mates.} Kf5 88. Rxa6 Ke5 89. Ra1 Be2 90. Kd2 Kd6 {[#]} 91. Rc1 $1 Bg4 92. b5 Kd5 {Precision: White = 65%, Black = 43%.} 1-0